000 00829nam0a22002531 4500
001 rc\818132
005 20250622002916.0
035 _a(NLR Aleph) 006000982
090 _a7228372
_c7228372
100 _a20041129d1984 |||y0rusy50 ca
101 0 _arus
102 _aRU
105 _aa |||||||||
200 1 _aАнализ и синтез неоднородных акустических сред
210 _aЛ.
_cИзд-во ЛГУ
_d1984
215 _a216 с.
_cил.
_d20
300 _aВ надзаг.: М-во высш. и сред. спец. образования РСФСР
320 _aБиблиогр.: с. 209-214 (105 назв.)
700 1 _aЩевьев
_bЮ.П.
_gЮрий Павлович
801 0 _aRU
_bNLR
_gpsbo
801 1 _aRU
_bELAR
_2rusmarc
852 _aNLR
_j84-3/8298
942 _cBOOK
980 _aNB